000 00714nam a2200193Ia 4500
003 GCL
008 140319s9999 xx 000 0 ara d
040 _aGCL /
_cGCL
082 0 4 _a181.2
_bم ن
100 1 _aمصطفى النشار
245 1 0 _aنحو تأريخ جديد للفلسفة القديمة :
_bدراسات فى الفلسفة المصرية واليونانية /
_cمصطفى النشار
260 _aالقاهرة :
_bوكالة زووم برس للاعلام ،
_c1992
300 _a182 ص ؛
_c24 سم
650 0 4 _aالحضارة الفرعونية
650 0 4 _aالفلسفة اليونانية
650 0 4 _aارسطو
650 0 4 _aالفلسفة - تاريخ
942 _2ddc
_cBK
999 _c37634
_d37634